| 000 | 00468nam a2200181Ia 4500 | ||
|---|---|---|---|
| 999 |
_c80397 _d80397 |
||
| 001 | 69918 | ||
| 005 | 20230103091606.0 | ||
| 008 | 151205s9999||||xx |||||||||||||| ||und|| | ||
| 020 | _aNA | ||
| 040 | _cPK-LaUMT | ||
| 082 |
_a346.00482 _bKHU-M |
||
| 100 | _aKhurram Shehzad Chughtai | ||
| 245 | 4 |
_aThe manual of copyright laws _cKhurram Shehzad Chughtai |
|
| 260 |
_aLahore,Pakistan: _bManzoor Law Book House, _c2014 |
||
| 300 | _a403 p | ||
| 546 | _aEN | ||
| 942 | _cBK | ||